How to prepare for the Toefl success : test of English as a foreign language

Enregistré dans:
Détails bibliographiques
Auteur principal: Rogers, Bruce
Format: Livre
Publié: Nxb Trẻ 2004
Tags: Ajouter un tag
Pas de tags, Soyez le premier à ajouter un tag!
Thư viện lưu trữ: Mạng thư viện Đại học Đà Nẵng
LEADER 00871nam a2200253 a 4500
001 000041572
003 18582
005 20171030155812.0
008 171030s2004
020 |c 40000 
040 |a LNN 
082 0 |a 428.01  |b RO-B 
100 1 |a Rogers, Bruce 
245 0 0 |a How to prepare for the Toefl success : test of English as a foreign language  |c Bruce Rogers ; Nguyễn Văn Phước, First News chú giải. 
260 |b Nxb Trẻ  |c 2004 
OWN |a LNN 
AVA |a UDN50  |b LNN  |d 428.01 RO-B  |e available  |t Error 5001 Not defined in file expand_doc_bib_avail.  |f 1  |g 0  |h N  |i 0  |k 1 
999 |a From the UDN01 
AVA |a UDN50  |b LNN  |d 428.01 RO-B  |e available  |t Error 5001 Not defined in file expand_doc_bib_avail.  |f 1  |g 0  |h N  |i 0  |k 1 
TYP |a Monograph 
TYP |a Printed language 
980 |a Mạng thư viện Đại học Đà Nẵng